000 00443nam a2200145Ia 4500
005 20240821155339.0
008 240821s9999||||xx |||||||||||||| ||und||
082 _a792 AGU(S)
100 _aAguptacarya,Abhinav
245 0 _aNatyasastra of bharatamuni with the commentary abhinavbharati (SAN)
260 _aDelhi
_bParimal Publikeshan
_c1983
300 _aVol.III 344p.
650 _aArts, Crafts, Music Sports and Recreations
942 _cBK
999 _c109886
_d109886